<?xml version="1.0" encoding="UTF-8"?><?xml-stylesheet type="text/xsl" href="static/style.xsl"?><OAI-PMH xmlns="http://www.openarchives.org/OAI/2.0/" xmlns:xsi="http://www.w3.org/2001/XMLSchema-instance" xsi:schemaLocation="http://www.openarchives.org/OAI/2.0/ http://www.openarchives.org/OAI/2.0/OAI-PMH.xsd"><responseDate>2026-04-13T07:17:42Z</responseDate><request verb="GetRecord" identifier="oai:www.recercat.cat:10459.1/466897" metadataPrefix="marc">https://recercat.cat/oai/request</request><GetRecord><record><header><identifier>oai:recercat.cat:10459.1/466897</identifier><datestamp>2025-09-15T19:02:39Z</datestamp><setSpec>com_2072_3622</setSpec><setSpec>col_2072_479130</setSpec></header><metadata><record xmlns="http://www.loc.gov/MARC21/slim" xmlns:dcterms="http://purl.org/dc/terms/" xmlns:xsi="http://www.w3.org/2001/XMLSchema-instance" xmlns:doc="http://www.lyncode.com/xoai" xsi:schemaLocation="http://www.loc.gov/MARC21/slim http://www.loc.gov/standards/marcxml/schema/MARC21slim.xsd">
   <leader>00925njm 22002777a 4500</leader>
   <datafield ind2=" " ind1=" " tag="042">
      <subfield code="a">dc</subfield>
   </datafield>
   <datafield ind2=" " ind1=" " tag="720">
      <subfield code="a">Moreno Gené, Josep</subfield>
      <subfield code="e">author</subfield>
   </datafield>
   <datafield ind2=" " ind1=" " tag="260">
      <subfield code="c">2023</subfield>
   </datafield>
   <datafield ind2=" " ind1=" " tag="520">
      <subfield code="a">El Real Decreto-Ley 2/2023 ha añadido la disposición adicional quincuagésima segunda al Texto Refundido de la Ley General de la Seguridad Social en la que se procede a introducir una nueva regulación de la “inclusión en el sistema de Seguridad Social de alumnos que realicen prácticas formativas o prácticas académicas externas incluidas en programas de formación”. En línea con lo previsto por el Real Decreto-Ley 28/2018, se ha ampliado notablemente el ámbito de aplicación de esta inclusión en el Régimen General de la Seguridad Social respecto a lo previsto en el Real Decreto 1493/2011, puesto que la misma alcanzará a todos los alumnos universitarios y de formación profesional en prácticas con independencia de que las mismas sean remuneradas o no, todo ello, sin perjuicio de la diferente regulación que se prevé para cada uno de estos supuestos. En este estudio se analiza el alcance actual de esta inclusión de los alumnos universitarios y de formación profesional en prácticas en el Régimen General de la Seguridad Social.</subfield>
   </datafield>
   <datafield ind2=" " ind1=" " tag="520">
      <subfield code="a">El autor es miembro del grupo de investigación consolidado reconocido y financiado por la Generalitat de Cataluña “Social and Business Research Laboratory” (SBRLab). Ref. 2021 SGR 00460</subfield>
   </datafield>
   <datafield tag="653" ind2=" " ind1=" ">
      <subfield code="a">Alumnos universitarios</subfield>
   </datafield>
   <datafield tag="653" ind2=" " ind1=" ">
      <subfield code="a">Alumnos de formación profesional</subfield>
   </datafield>
   <datafield tag="653" ind2=" " ind1=" ">
      <subfield code="a">Prácticas no laborales</subfield>
   </datafield>
   <datafield tag="653" ind2=" " ind1=" ">
      <subfield code="a">Régimen General de Seguridad Social</subfield>
   </datafield>
   <datafield ind2="0" ind1="0" tag="245">
      <subfield code="a">La extensión de la protección social a todos los alumnos en prácticas: un paso más en la dignificación de las prácticas no laborales</subfield>
   </datafield>
   <datafield ind2="0" ind1="0" tag="245">
      <subfield code="a">Extending social protection to all trainees: a further step towards dignifying non-work placements</subfield>
   </datafield>
</record></metadata></record></GetRecord></OAI-PMH>